[Event "IECG TG.2004.0.15260 email"]
[Site "IECG email"]
[Date "2005.09.20"]
[Round "1"]
[White "Cuell, Charles"]
[Black "Cabrera Trujillo, Jorge Juan"]
[Result "0-1"]
[WhiteElo "800"]
[BlackElo "800"]
[PlyCount "50"]
[EventDate "2004.09.20"]
[EventType "match (corr)"]
[EventRounds "2"]
[SourceTitle "Corr 2008"]
[Source "ChessBase"]
[SourceDate "2008.06.24"]
[SourceVersion "1"]
[SourceVersionDate "2008.06.24"]
[SourceQuality "1"]

1. e4 c5 2. Nf3 Nc6 3. Bc4 e6 4. d3 d5 5. exd5 exd5 6. Qe2+ Be6 7. Bg5 Be7 8. Bxe7 Ngxe7 9. Ng5 dxc4 10. 0-0 cxd3 11. cxd3 Bf5 12. Qh5 Bg6 13. Qf3 0-0 14. Nc3 Nf5 15. Rfe1 Nfd4 16. Qd1 Qxg5 17. Re4 Bxe4 18. Nxe4 Qd5 19. Rc1 b6 20. Qg4 f5 21. Qh5 g6 22. Qh4 Ne2+ 23. Kf1 Nxc1 24. Qh6 Qxd3+ 25. Ke1 Qe2# 0-1